00000000nam##2200000za#4500
0019.601645
003CaOODSP
00520210624210154
007cr |||||||||||
008150406|2003||||xxc|||||o    f|0| 0 fre|d
040 |aCaOODSP|bfre
043 |an-cn---
0861 |aYC32-0/372-8F-PDF
1101 |aCanada. |bParlement. |bSénat. |bComité sénatorial permanent des droits de la personne.
24513|aUn toit précaire : |h[ressource électronique]|bles biens fonciers matrimoniaux situés dans les réserves / |cL'honorable Shirley Maheu, présidente ; l'honorable Eileen Rossiter, vice-présidente.
2463 |aRapport intérimaire du Comité sénatorial permanent des droits de la personne
260 |aOttawa - Ontario : |bSénat. |cNovembre 2003.
300 |a58p.|bréférences
4901 |aRapport du Comité sénatorial permanent des Droits de la personne|v[37e législature, 2e session, 8e rapport]
590 |a11-12-Supp|b2011-07-29
77508|tA hard bed to lie in : |w(CaOODSP)9.571002
830#0|aRapport du Comité sénatorial permanent des droits de la personne ;|v[37e législature, 2e session, 8e rapport]|w(CaOODSP)9.501651
85640|ahttp://publications.gc.ca|qPDF|s274 Ko|uhttps://publications.gc.ca/collections/collection_2011/sen/yc32-0/YC32-0-372-8-fra.pdf|y[37e législature, 2e session, 8e rapport]